<?xml version="1.0" encoding="UTF-8"?>
<record
    xmlns:xsi="http://www.w3.org/2001/XMLSchema-instance"
    xsi:schemaLocation="http://www.loc.gov/MARC21/slim http://www.loc.gov/standards/marcxml/schema/MARC21slim.xsd"
    xmlns="http://www.loc.gov/MARC21/slim">

  <leader>05809namaa22004571i 4500</leader>
  <controlfield tag="003">EG-GICUC</controlfield>
  <controlfield tag="005">20260503144602.0</controlfield>
  <controlfield tag="008">260503s2025    ua a|||frm||| 000 0 eng d</controlfield>
  <datafield tag="040" ind1=" " ind2=" ">
    <subfield code="a">EG-GICUC</subfield>
    <subfield code="b">eng</subfield>
    <subfield code="c">EG-GICUC</subfield>
    <subfield code="d">EG-GICUC</subfield>
    <subfield code="e">rda</subfield>
  </datafield>
  <datafield tag="041" ind1="0" ind2=" ">
    <subfield code="a">eng</subfield>
    <subfield code="b">eng</subfield>
    <subfield code="b">ara</subfield>
  </datafield>
  <datafield tag="049" ind1=" " ind2=" ">
    <subfield code="a">Deposit</subfield>
  </datafield>
  <datafield tag="082" ind1="0" ind2="4">
    <subfield code="a">615.8362</subfield>
  </datafield>
  <datafield tag="092" ind1=" " ind2=" ">
    <subfield code="a">615.8362</subfield>
    <subfield code="2">21</subfield>
  </datafield>
  <datafield tag="097" ind1=" " ind2=" ">
    <subfield code="a">Ph.D</subfield>
  </datafield>
  <datafield tag="099" ind1=" " ind2=" ">
    <subfield code="a">Cai01.11.01.Ph.D.2025.Ah.N</subfield>
  </datafield>
  <datafield tag="100" ind1="0" ind2=" ">
    <subfield code="a">Ahmed Islam Ezz-Eldin,</subfield>
    <subfield code="e">preparation.</subfield>
  </datafield>
  <datafield tag="245" ind1="1" ind2="4">
    <subfield code="a">The novel use of anterior scalen muscle thickening fraction as a predictor to successful weaning form mechanical ventilation : </subfield>
    <subfield code="b">a prospective observational study /</subfield>
    <subfield code="c">by Ahmed Islam Ezz-Eldin ; Supervision Prof. Dr. Waleed Ibrahim Hamimmy, Dr. Amr Hussein Sayed, Dr. Mina Adolf Helmy, Dr.Lydia Magdy Milad.</subfield>
  </datafield>
  <datafield tag="246" ind1="1" ind2="5">
    <subfield code="a">&#x627;&#x644;&#x627;&#x633;&#x62A;&#x62E;&#x62F;&#x627;&#x645; &#x627;&#x644;&#x62C;&#x62F;&#x6CC;&#x62F; &#x644;&#x642;&#x64A;&#x627;&#x633; &#x627;&#x644;&#x633;&#x645;&#x643; &#x627;&#x644;&#x646;&#x633;&#x628;&#x64A; &#x644;&#x639;&#x636;&#x644;&#x629; &#x627;&#x644;&#x627;&#x62E;&#x645;&#x639;&#x64A;&#x629; &#x627;&#x644;&#x627;&#x645;&#x627;&#x645;&#x64A;&#x629; &#x643;&#x645;&#x624;&#x634;&#x631;&#x644;&#x646;&#x62C;&#x627;&#x62D; &#x627;&#x644;&#x641;&#x637;&#x627;&#x645; &#x645;&#x646; &#x627;&#x644;&#x62A;&#x646;&#x641;&#x633; &#x627;&#x644;&#x635;&#x646;&#x627;&#x639;&#x64A; :</subfield>
    <subfield code="b">&#x62F;&#x627;&#x631;&#x633;&#x629; &#x631;&#x635;&#x62F;&#x64A;&#x629;  &#x645;&#x633;&#x62A;&#x642;&#x628;&#x644;&#x64A;&#x629;</subfield>
  </datafield>
  <datafield tag="264" ind1=" " ind2="0">
    <subfield code="c">2025.</subfield>
  </datafield>
  <datafield tag="300" ind1=" " ind2=" ">
    <subfield code="a">46 pages :</subfield>
    <subfield code="b">illustrations ; </subfield>
    <subfield code="c">25 cm. + </subfield>
    <subfield code="e">CD.</subfield>
  </datafield>
  <datafield tag="336" ind1=" " ind2=" ">
    <subfield code="a">text</subfield>
    <subfield code="2">rda content</subfield>
  </datafield>
  <datafield tag="337" ind1=" " ind2=" ">
    <subfield code="a">Unmediated</subfield>
    <subfield code="2">rdamedia</subfield>
  </datafield>
  <datafield tag="338" ind1=" " ind2=" ">
    <subfield code="a">volume</subfield>
    <subfield code="2">rdacarrier</subfield>
  </datafield>
  <datafield tag="502" ind1=" " ind2=" ">
    <subfield code="a">Thesis (Ph.D)-Cairo University, 2025.</subfield>
  </datafield>
  <datafield tag="504" ind1=" " ind2=" ">
    <subfield code="a">Bibliography: pages 40-46. </subfield>
  </datafield>
  <datafield tag="520" ind1=" " ind2="3">
    <subfield code="a">Background: 

Weaning from mechanical ventilation is an everyday practice for
intensivists; thus, this decision should be carefully anticipated. We aimed
to evaluate the feasibility and reproducibility of scalenus anterior
thickening fraction as a potential detector of weaning outcomes. 
Method: 
We conducted two separate sub-studies; sub-study A aimed to
evaluate the feasibility and reproducibility of scalene muscle
examination, and sub-study B evaluated the diagnostic accuracy of
scalenus anterior thickening to predict weaning outcome. 
Results: 
Scalenus anterior thickening has good intra- and inter-observer
reliability. It also showed good accuracy in predicting failed SBT and
reintubation. 
Conclusion: 
Scalenus anterior examination is a feasible tool with good
interobserver reliability. Scalenus anterior thickening fraction could
accurately predict weaning outcomes. </subfield>
  </datafield>
  <datafield tag="520" ind1=" " ind2="3">
    <subfield code="a">&#x641;&#x634;&#x644; &#x646;&#x632;&#x639; &#x623;&#x646;&#x628;&#x648;&#x628; &#x627;&#x644;&#x62A;&#x646;&#x641;&#x633; (&#x627;&#x644;&#x641;&#x634;&#x644; &#x641;&#x64A; &#x627;&#x644;&#x641;&#x637;&#x627;&#x645; &#x645;&#x646; &#x62C;&#x647;&#x627;&#x632; &#x627;&#x644;&#x62A;&#x646;&#x641;&#x633; &#x627;&#x644;&#x635;&#x646;&#x627;&#x639;&#x64A;) &#x64A;&#x639;&#x62F;&#x651; &#x62D;&#x627;&#x644;&#x629; &#x62D;&#x631;&#x62C;&#x629; &#x641;&#x64A; &#x645;&#x645;&#x627;&#x631;&#x633;&#x629; &#x627;&#x644;&#x631;&#x639;&#x627;&#x64A;&#x629; &#x627;&#x644;&#x62C;&#x631;&#x627;&#x62D;&#x64A;&#x629;. .&#x646;&#x641;&#x62A;&#x631;&#x636; &#x623;&#x646; &#x632;&#x64A;&#x627;&#x62F;&#x629; &#x633;&#x64F;&#x645;&#x643; &#x627;&#x644;&#x639;&#x636;&#x644;&#x629; &#x627;&#x644;&#x627;&#x62E;&#x645;&#x64A;&#x639;&#x629; &#x627;&#x644;&#x627;&#x645;&#x627;&#x645;&#x64A;&#x629; &#x642;&#x62F; &#x62A;&#x643;&#x648;&#x646; &#x627;&#x645;&#x624;&#x634;&#x631; &#x62D;&#x633;&#x627;&#x633;&#x64B;&#x627; &#x644;&#x644;&#x62A;&#x646;&#x628;&#x624; &#x628;&#x646;&#x62C;&#x627;&#x62D; &#x639;&#x645;&#x644;&#x64A;&#x629; &#x627;&#x644;&#x641;&#x637;&#x627;&#x645; &#x645;&#x646; &#x62C;&#x647;&#x627;&#x632; &#x627;&#x644;&#x62A;&#x646;&#x641;&#x633; &#x627;&#x644;&#x635;&#x646;&#x627;&#x639;&#x64A;. 
&#x646;&#x647;&#x62F;&#x641; &#x627;&#x644;&#x64A; &#x62A;&#x642;&#x6CC;#&#x645; &#x641;&#x639;&#x627;&#x644;&#x64A;&#x629; &#x632;&#x64A;&#x627;&#x62F;&#x629; &#x633;&#x64F;&#x645;&#x643; &#x627;&#x644;&#x639;&#x636;&#x644;&#x629; &#x627;&#x644;&#x627;&#x62E;&#x645;&#x64A;&#x639;&#x629; &#x627;&#x644;&#x627;&#x645;&#x627;&#x645;&#x64A;&#x629; &#x641;&#x64A; &#x627;&#x644;&#x62A;&#x646;&#x628;&#x624; &#x628;&#x646;&#x62C;&#x627;&#x62D; &#x627;&#x644;&#x641;&#x637;&#x627;&#x645; &#x645;&#x646; &#x62C;&#x647;&#x627;&#x632; &#x627;&#x644;&#x62A;&#x646;&#x641;&#x633; &#x627;&#x644;&#x635;&#x646;&#x627;&#x639;&#x64A; &#x644;&#x62F;&#x649; &#x627;&#x644;&#x645;&#x631;&#x636;&#x649; &#x627;&#x644;&#x645;&#x635;&#x627;&#x628;&#x6CC;&#x646; :&#x628;&#x627;&#x645;&#x631;&#x627;&#x636; &#x62D;&#x631;&#x62C;&#x629;.. 
&#x627;&#x644;&#x645;&#x633;&#x62A;&#x642;&#x628;&#x644;&#x64A;&#x629; &#x627;&#x644;&#x645;&#x644;&#x627;&#x62D;&#x638;&#x629; &#x634;&#x645;&#x644;&#x62A; &#x645;&#x631;&#x636;&#x649; &#x628;&#x627;&#x644;&#x63A;&#x64A;&#x646; &#x62E;&#x636;&#x639;&#x648;&#x627; &#x644;&#x644;&#x62A;&#x647;&#x648;&#x64A;&#x629; &#x627;&#x644;&#x645;&#x64A;&#x643;&#x627;&#x646;&#x64A;&#x643;&#x64A;&#x629; &#x644;&#x645;&#x62F;&#x629; 24 &#x633;&#x627;&#x639;&#x629; &#x623;&#x648; &#x623;&#x643;&#x62B;&#x631;.&#x647;&#x630;&#x647; &#x627;&#x644;&#x62F; &#x627;&#x631;&#x633;&#x629; &#x62A;&#x645; &#x641;&#x62D;&#x635; 75 &#x645;&#x631;&#x64A;&#x636;&#x64B;&#x627; &#x62C;&#x627;&#x647;&#x632;&#x64A;&#x646; &#x644;&#x644;&#x641;&#x637;&#x627;&#x645; &#x644;&#x644;&#x62A;&#x62D;&#x642;&#x642; &#x645;&#x646; &#x645;&#x637;&#x627;&#x628;&#x642;&#x62A;&#x647;&#x645; &#x644;&#x645;&#x639;&#x627;&#x6CC;&#x6CC;&#x631; &#x627;&#x644;&#x627;&#x634;&#x62A;&#x645;&#x627;&#x644;&#x60C; &#x648;&#x62A;&#x645; &#x627;&#x633;&#x62A;&#x628;&#x639;&#x627;&#x62F; 9 &#x62D;&#x627;&#x644;&#x627;&#x62A;&#x60C; &#x644;&#x6CC;&#x64F;&#x62F;&#x631;&#x62C; &#x641;&#x64A; &#x627;&#x644;&#x62A;&#x62D;&#x644;&#x6CC;&#x644; &#x627;&#x644;&#x646;&#x647;&#x627;&#x626;&#x64A; 66 &#x645;&#x631;2&#x636;&#x64B;&#x627; .&#x645;&#x646; &#x628;&#x6CC;&#x646; &#x647;&#x624;&#x644;&#x627;&#x621;&#x60C; &#x646;&#x62C;&#x62D;&#x62A; &#x639;&#x645;&#x644;&#x64A;&#x629; &#x627;&#x644;&#x641;&#x637;&#x627;&#x645; &#x641;&#x64A; 48 &#x645;&#x631;2&#x636;&#x64B;&#x627;&#x60C; &#x628;&#x6CC;&#x646;&#x645;&#x627; &#x641;&#x634;&#x644;&#x62A; &#x641;&#x64A; 18 &#x645;&#x631;2&#x636;&#x64B;&#x627;&#x60C; &#x648;&#x627;&#x62D;&#x62A;&#x627;&#x62C; 7 &#x645;&#x631;&#x636;&#x649; &#x625;&#x644;&#x649; &#x625;&#x639;&#x627;&#x62F;&#x629; &#x627;&#x644;&#x62A;&#x646;&#x628;&#x6CC;&#x628;. 
&#x62A;&#x645; &#x62D;&#x633;&#x627;&#x628; &#x627;&#x644;&#x642;&#x64A;&#x645; &#x627;&#x644;&#x645;&#x62A;&#x648;&#x633;&#x637;&#x629; &#x644;&#x643;&#x644;&#x64D;&#x651; &#x645;&#x646; &#x627;&#x644;&#x625; &#x627;&#x632;&#x62D;&#x629; &#x648;&#x646;&#x633;&#x628;&#x629; &#x632;&#x64A;&#x627;&#x62F;&#x629; &#x633;&#x64F;&#x645;&#x643; &#x627;&#x644;&#x639;&#x636;&#x644;&#x629; &#x627;&#x644;&#x627;&#x62E;&#x645;&#x64A;&#x639;&#x629; &#x627;&#x644;&#x627;&#x645;&#x627;&#x645;&#x64A;&#x629; &#x643;&#x645;&#x639;&#x62F;&#x644; &#x628;&#x6CC;&#x646; &#x627;&#x644;&#x62C;&#x627;&#x646;&#x628;&#x6CC;&#x646; &#x627;&#x644;&#x623;&#x64A;&#x645;&#x646; &#x648;&#x627;&#x644;&#x623;&#x64A;&#x633;&#x631;.  
&#x627;&#x638;&#x647;&#x631;&#x62A;&#x62D;&#x644;&#x6CC;&#x644; &#x645;&#x646;&#x62D;&#x646;&#x64A; &#x627;&#x644;&#x62E;&#x635;&#x627;&#x626;&#x635; &#x627;&#x644;&#x62A;&#x634;&#x63A;&#x6CC;&#x644;&#x64A;&#x629; &#x644;&#x644;&#x645;&#x633;&#x62A;&#x642;&#x628;&#x644; &#x644;&#x646;&#x633;&#x628;&#x629; &#x632;&#x64A;&#x627;&#x62F;&#x629; &#x633;&#x645;&#x643; &#x627;&#x644;&#x639;&#x636;&#x644;&#x629; &#x627;&#x644;&#x627;&#x62E;&#x645;&#x64A;&#x639;&#x629; &#x627;&#x644;&#x627;&#x645;&#x627;&#x645;&#x64A;&#x629; &#x62F;&#x642;&#x629; &#x62C;&#x6CC;&#x62F;&#x629; &#x641;&#x64A; &#x627;&#x644;&#x62A;&#x646;&#x628;&#x624; :&#x641;&#x634;&#x644; &#x627;&#x62E;&#x62A;:&#x627;&#x631; &#x627;&#x644;&#x62A;&#x646;&#x641;&#x633; &#x627;&#x644;&#x62A;&#x644;&#x642;&#x627;&#x626;&#x64A; &#x62D;&#x6CC;&#x62B; &#x628;&#x644;&#x63A;&#x62A; &#x627;&#x644;&#x645;&#x633;&#x627;&#x62D;&#x629; &#x62A;&#x62D;&#x62A; &#x627;&#x644;&#x645;&#x646;&#x62D;&#x646;&#x64A; (&#x641;&#x627;&#x635;&#x644; &#x627;&#x644;&#x62B;&#x642;&#x629; 95%) 0.92 (0.82&#x2013;1) &#x644;&#x644;&#x62C;&#x627;&#x646;&#x628; &#x627;&#x644;&#x623;&#x64A;&#x645;&#x646; &#x648;0.94 (0.84&#x2013;0.98) &#x644;&#x644;&#x62C;&#x627;&#x646;&#x628; &#x627;&#x644;&#x623;&#x64A;&#x633;&#x631; :&#x627;&#x644;&#x625;&#x636;&#x627;&#x641;&#x629; &#x625;&#x644;&#x649; &#x630;&#x644;&#x643;&#x60C; =&#x627;&#x646;&#x62A; &#x646;&#x633;:&#x629; &#x632;2&#x627;&#x62F;&#x629; &#x633;&#x64F;&#x645;&#x643; &#x627;&#x644;&#x639;&#x636;&#x644;&#x629; &#x627;&#x644;&#x627;&#x62E;&#x645;&#x64A;&#x639;&#x629; &#x627;&#x644;&#x627;&#x645;&#x627;&#x645;&#x64A;&#x629; &#x642;&#x627;&#x62F;&#x631;&#x647; &#x639;&#x644;&#x64A; &#x627;&#x644;&#x62A;&#x646;&#x628;&#x624; :&#x627;&#x644;&#x62D;&#x627;&#x62C;&#x647; &#x627;&#x644;&#x64A; &#x627;&#x639;&#x627;&#x62F;&#x629; &#x627;&#x644;&#x62A;&#x62A;&#x6CC;&#x6CC;&#x628; &#x628;&#x62F;&#x642;&#x647; (1.00)  &#x648;&#x641;&#x64A; &#x627;&#x644;&#x62C;&#x627;&#x646;&#x628; &#x627;&#x644;&#x623;&#x64A;&#x645;&#x646;0.99( &#x641;&#x64A; &#x627;&#x644;&#x62C;&#x627;&#x646;&#x628; &#x627;&#x644;&#x623;&#x64A;&#x633;&#x631;.&#x639;&#x627;&#x644;&#x64A;&#x647; &#x62D;&#x6CC;&#x62B; &#x628;&#x644;&#x63A;&#x62A; &#x627;&#x644;&#x645;&#x633;&#x627;&#x62D;&#x629; &#x62A;&#x62D;&#x62A; &#x627;&#x644;&#x645;&#x646;&#x62D;&#x646;&#x649; &#x642;&#x64A;&#x645;&#x629; &#x633;&#x645;&#x643; &#x627;&#x644;&#x639;&#x636;&#x644;&#x647; &#x627;&#x644;&#x627;&#x62E;&#x645;&#x64A;&#x639;&#x629; &#x627;&#x644;&#x627;&#x645;&#x627;&#x645;&#x64A;&#x629; &#x627;&#x642;&#x644; &#x645;&#x646; 10% &#x64A;&#x645;&#x643;&#x646; &#x627;&#x646; &#x62A;&#x633;&#x62A;&#x628;&#x639;&#x62F; &#x641;&#x634;&#x644; &#x627;&#x644;&#x641;&#x637;&#x627;&#x645; &#x628;&#x646;&#x633;:&#x629; &#x642;&#x64A;&#x645;&#x647; &#x62A;&#x646;&#x628;&#x624;&#x64A;&#x629; &#x633;&#x644;&#x628;&#x64A;&#x647; &#x62A;&#x628;&#x644;&#x63A; 100%.  
&#x648; &#x62F; &#x643;&#x627;&#x646;&#x62A; &#x627;&#x644;&#x642;&#x64A;&#x645; &#x627;&#x644;&#x62D;&#x62F;&#x64A;&#x629; &#x628;&#x646;&#x633;&#x628;&#x629; &#x633;&#x645;&#x643; &#x627;&#x644;&#x639;&#x636;&#x644;&#x647; &#x627;&#x644;&#x627;&#x62E;&#x645;&#x64A;&#x639;&#x629; &#x627;&#x644;&#x627;&#x645;&#x627;&#x645;&#x64A;&#x629; &#x627;&#x644;&#x64A;&#x645;&#x646;&#x649; &#x641;&#x64A; &#x627;&#x644;&#x62A;&#x646;&#x628;&#x624; &#x628;&#x641;&#x634;&#x644; &#x645;&#x62D;&#x627;&#x648;&#x644;&#x629; &#x627;&#x644;&#x62A;&#x646;&#x641;&#x633; &#x627;&#x644;&#x62A;&#x644;&#x642;&#x627;&#x626;&#x64A; &#x648; &#x627;&#x639;&#x627;&#x62F;&#x629; &#x627;&#x644;&#x62A;&#x62A;&#x6CC;&#x628; 21% &#x648; 12% &#x639;&#x644;&#x649; &#x627;&#x644;&#x62A;&#x648;&#x627;&#x644;&#x64A; &#x641;&#x64A; &#x62D;&#x6CC;&#x646; =&#x627;&#x646;&#x62A; &#x627;&#x644;&#x642;&#x64A;&#x645;&#x647; &#x627;&#x644;&#x62D;&#x62F;&#x64A;&#x647; &#x644;&#x646;&#x633;&#x628;&#x629; &#x633;&#x645;&#x643; &#x627;&#x644;&#x639;&#x636;&#x644;&#x647; &#x627;&#x644;&#x627;&#x62E;&#x645;&#x639;&#x64A;&#x647;.  </subfield>
  </datafield>
  <datafield tag="530" ind1=" " ind2=" ">
    <subfield code="a">Issues also as CD.</subfield>
  </datafield>
  <datafield tag="546" ind1=" " ind2=" ">
    <subfield code="a">Text in English and abstract in Arabic &amp; English.</subfield>
  </datafield>
  <datafield tag="650" ind1=" " ind2="0">
    <subfield code="a">weaning form mechanical ventilation</subfield>
  </datafield>
  <datafield tag="650" ind1=" " ind2="0">
    <subfield code="a">&#x627;&#x644;&#x641;&#x637;&#x627;&#x645; &#x645;&#x646; &#x627;&#x644;&#x62A;&#x646;&#x641;&#x633; &#x627;&#x644;&#x635;&#x646;&#x627;&#x639;&#x64A; </subfield>
  </datafield>
  <datafield tag="653" ind1=" " ind2="1">
    <subfield code="a">Scalenus Anterior Thickening</subfield>
    <subfield code="a">Weaning From Mechanical  Ventilation</subfield>
    <subfield code="a">Reintubation</subfield>
  </datafield>
  <datafield tag="700" ind1="0" ind2=" ">
    <subfield code="a">Waleed Ibrahim Hamimmy</subfield>
    <subfield code="e">thesis advisor.</subfield>
  </datafield>
  <datafield tag="700" ind1="0" ind2=" ">
    <subfield code="a">Amr Hussein Sayed</subfield>
    <subfield code="e">thesis advisor.</subfield>
  </datafield>
  <datafield tag="700" ind1="0" ind2=" ">
    <subfield code="a">Mina Adolf Helmy</subfield>
    <subfield code="e">thesis advisor.</subfield>
  </datafield>
  <datafield tag="700" ind1="0" ind2=" ">
    <subfield code="a">Lydia Magdy Milad</subfield>
    <subfield code="e">thesis advisor.</subfield>
  </datafield>
  <datafield tag="900" ind1=" " ind2=" ">
    <subfield code="b">01-01-2025</subfield>
    <subfield code="c">Waleed Ibrahim Hamimmy</subfield>
    <subfield code="c">Amr Hussein Sayed</subfield>
    <subfield code="c">Mina Adolf Helmy</subfield>
    <subfield code="c">Lydia Magdy Milad</subfield>
    <subfield code="U">Cairo University</subfield>
    <subfield code="F">Faculty of Medicine</subfield>
    <subfield code="D">Department of Anesthesia, Surgical Intensive Care and Pain Management </subfield>
  </datafield>
  <datafield tag="905" ind1=" " ind2=" ">
    <subfield code="a">Shimaa</subfield>
  </datafield>
  <datafield tag="942" ind1=" " ind2=" ">
    <subfield code="2">ddc</subfield>
    <subfield code="c">TH</subfield>
    <subfield code="e">21</subfield>
    <subfield code="n">0</subfield>
  </datafield>
  <datafield tag="999" ind1=" " ind2=" ">
    <subfield code="c">179937</subfield>
  </datafield>
  <datafield tag="952" ind1=" " ind2=" ">
    <subfield code="2">ddc</subfield>
    <subfield code="9">317594</subfield>
    <subfield code="a">CUCL</subfield>
    <subfield code="b">cl210</subfield>
    <subfield code="d">2026-05-03</subfield>
    <subfield code="i">93959</subfield>
    <subfield code="o">Cai01.11.01.Ph.D.2025.Ah.N</subfield>
    <subfield code="p">01010110093959000</subfield>
    <subfield code="r">2026-05-03 13:46:31</subfield>
    <subfield code="w">2026-05-03</subfield>
    <subfield code="y">TH</subfield>
  </datafield>
</record>
